Colleges in the men's and women's 2011 NCAA tournament Quiz Stats

 Plays Quiz not verified by Sporcle

Support Sporcle.
Go Orange.
Score 0/28 Timer 05:00
0 Plays Today
College % Correct
Connecticut
94.9%
North Carolina
84.8%
Duke
83.8%
Texas
82.8%
Tennessee
76.8%
Michigan State
76.8%
Ohio State
74.7%
UCLA
71.7%
Florida State
69.7%
Kentucky
66.7%
Notre Dame
64.6%
Georgia
64.6%
Kansas State
63.6%
Texas A&M
60.6%
College % Correct
Purdue
54.5%
Georgetown
53.5%
Penn State
51.5%
Gonzaga
51.5%
West Virginia
50.5%
Marquette
45.5%
St Johns
43.4%
Louisville
42.4%
Vanderbilt
42.4%
Xavier
42.4%
Temple
41.4%
Princeton
40.4%
Hampton
14.1%
Arkansas Little Rock
13.1%

You're not logged in!

Compare scores with friends on all Sporcle quizzes.
OR
Log In

From the Vault

Shared Movie Numbers

by pdigoe

If you find yourself doing math, you might be doing it wrong.
Remove Ads.
Support Sporcle.
Get the best of Sporcle when you Go Orange. This ad-free experience offers more features, more stats, and more fun while also helping to support Sporcle. Thank you for becoming a member.

Show Comments

Extras

Top Quizzes Today


Score Distribution

Your Account Isn't Verified!

In order to create a playlist on Sporcle, you need to verify the email address you used during registration. Go to your Sporcle Settings to finish the process.

Report this User

Report this user for behavior that violates our Community Guidelines.

Details: